|
|
|
|
| LEADER |
00000cam a2200000 7i4500 |
| 001 |
0000002199 |
| 005 |
20030322.0 |
| 020 |
0 |
0 |
|a 9280810278
|
| 090 |
0 |
0 |
|a 333.714
|b GLO 2001
|
| 245 |
0 |
0 |
|a GLOBAL environmental risk
|c edited by Jeanne X. Kasperson and Roger Kasperson
|
| 260 |
0 |
0 |
|a Tokyo ; New York :
|b United Nations University Press ; London : Earthscan ,
|c 2001
|
| 300 |
|
|
|a xvii, 574 p. :
|b ill., maps ;
|c 23 cm.
|
| 500 |
0 |
0 |
|a Includes bibliography : (p. 506-562) and index
|
| 650 |
0 |
0 |
|a Environmental risk assessment
|
| 650 |
0 |
0 |
|a Global environmental change
|
| 700 |
0 |
1 |
|a Kasperson
|h Jeanne X.
|
| 700 |
0 |
1 |
|a Kasperson
|h Roger E.
|
| 998 |
|
|
|a JPSM
|
| 999 |
|
|
|a 0000003710
|b Monograph
|c Open Shelf
|e Default branch
|